000
00299nam a22001337a 4500
008
171228b xxu||||| |||| 00| 0 eng d
020
_a
9780896034686
041
_a
eng
080
_a
573
100
_a
11
101
_a
BIO
245
_a
PROTEIN PHOSPATASE PROTOCOLS
_c
LUDLOW, J.W
942
_2
udc
_c
BK
999
_c
39556
_d
39556